| 000 | 00717cam a22002413a 4500 | ||
|---|---|---|---|
| 001 | 1707 | ||
| 003 | PGUSA | ||
| 005 | 20140828083005.0 | ||
| 008 | 990401s1999||||xxu|||||s|||||000 | eng d | ||
| 040 |
_aPGUSA _beng |
||
| 042 | _adc | ||
| 050 | 4 | _aQ | |
| 100 | 1 |
_aWilliams, Henry Smith, _d1863-1943 |
|
| 245 | 1 | 2 |
_aA History of Science — Volume 3 _h[electronic resource] / _cHenry Smith Williams |
| 260 |
_bProject Gutenberg, _c1999 |
||
| 500 | _aVolume 3: Modern development of the physical sciences | ||
| 506 | _aPublic domain in the USA. | ||
| 516 | _aElectronic text | ||
| 653 | _aScience -- History | ||
| 830 | 0 |
_aProject Gutenberg _v1707 |
|
| 856 | 4 | 0 | _uhttp://www.gutenberg.org/ebooks/1707 |
| 942 | _cEB | ||
| 999 |
_c231053 _d231053 |
||